| 000 | 00836nam a22002897a 4500 | ||
|---|---|---|---|
| 003 | CHAP | ||
| 005 | 20220329135039.0 | ||
| 008 | 971013s1956 r 00010 d | ||
| 010 | _a30078 | ||
| 011 | _a31050 | ||
| 035 | _a35162 | ||
| 040 | _cCHAP | ||
| 082 |
_a660.284 _bN32 |
||
| 100 | 0 | 0 |
_aNachod, Frederick C. _980000 |
| 245 | _aIon exchange technology | ||
| 260 |
_aNew York : _bAcademic Press, _c1956 |
||
| 300 | _a660 p. | ||
| 590 |
_aBATCH-UPD _b10 _c20130110 _lUCH01 _h2133 |
||
| 590 |
_aBATCH-UPD _b10 _c20130410 _lUCH01 _h1443 |
||
| 590 |
_aBATCH-UPD _b10 _c20130914 _lUCH01 _h1650 |
||
| 590 |
_aCONVERSION _b10 _c20130109 _lUCH01 _h1317 |
||
| 650 | 1 | 4 |
_aIntercambio iónico. _959524 |
| 700 | 0 |
_aSchubert, Jack. _9103198 |
|
| 901 | _aBK | ||
| 942 | _cLIBRO | ||
| 949 |
_a660.284 N32 _bBC _cLIBRO _d-81260 _eLIBRO _h25197 _i35162 _si |
||
| 999 |
_c30078 _d30078 |
||